Name the First Level Subdivision and Country - Statistics

General Stats
  • This quiz has been taken 57 times
    47 since last reset
  • The average score is 26 of 30
Answer Stats
Picture Answer % Correct
California
100%
Canada
100%
Italy
100%
Mexico
100%
Spain
100%
United Kingdom
100%
United States
100%
Argentina
98%
Baja California
98%
Catalonia
98%
Corsica
98%
France
98%
India
98%
Japan
98%
Ukraine
98%
Brazil
95%
Finland
95%
Wales
95%
China
93%
Germany
93%
Hokkaido
88%
Lapland
83%
New Brunswick
81%
Uttar Pradesh
79%
Tierra del Fuego
74%
Lazio
69%
Brandenburg
57%
Odessa
57%
Bahia
48%
Hubei
48%
No matching quizzes found
Score Distribution
Percent of People with Each Score
Percentile by Number Answered
Your Score History
You have not taken this quiz since the last reset